El secuestro de la bibliotecaria
Uloženo v:
| Hlavní autor: | |
|---|---|
| Médium: | Kniha |
| Jazyk: | španělština |
| Vydáno: |
Santiago
Aguilar Chilena
2003
Santiago Alfaguara 2003 |
| Vydání: | 2a. ed |
| Edice: | Infantil Juvenil
|
| Témata: | |
| Tagy: |
Přidat tag
Žádné tagy, Buďte první, kdo vytvoří štítek k tomuto záznamu!
|
MARC
| LEADER | 00000nam a2200000 a 4500 | ||
|---|---|---|---|
| 001 | UCH9390 | ||
| 003 | CL-VaPUC | ||
| 008 | 100107e20030000CL |||||||||||||||||spa|d | ||
| 020 | |a 9562391574 | ||
| 082 | 0 | 4 | |a 823 |b MAH |2 21 |
| 100 | |a Mahy, Margaret |e autora |9 241 | ||
| 245 | 1 | 3 | |a El secuestro de la bibliotecaria |
| 250 | |a 2a. ed | ||
| 300 | |a 48 p | ||
| 942 | |c BK | ||
| 945 | |d 20100107 00:00:00 |a rbrito | ||
| 260 | |a Santiago |b Aguilar Chilena |c 2003 | ||
| 260 | |a Santiago |b Alfaguara |c 2003 | ||
| 650 | 0 | |a Literatura inglesa |9 312907 | |
| 650 | 0 | |a Novelas inglesas |9 265220 | |
| 650 | 0 | |a Literatura infantil |9 307465 | |
| 583 | |a last modification |c 20130419 10:47:33 |k Rodrigo Vera | ||
| 490 | 0 | |a Infantil Juvenil | |
| 999 | |c 339375 |d 339373 | ||